000 00392pab a2200145 454500
008 180718b2009 xxu||||| |||| 00| 0 eng d
245 _aREPORT on definitional and statistical issues relating to informal economy
260 _c2009
300 _ap.157-65.
362 _aJan-Mar
650 _aInformal sector
773 _aIndian Journal of Labour Economics
908 _aN
909 _a84117
999 _c84117
_d84117